Oeuvres spirituelles du père Vincent Huby, de la Compagnie de Jésus, revues et corrigees par M. l'abbé

Detalles Bibliográficos
Autor principal: Huby, Vincent 1608-1693
Formato: Libro
Lenguaje:French
Publicado: Lyon 1854
Materias:
Colección:Banco de datos
Acervo:Biblioteca de la Congregación del Oratorio de San Felipe Neri de México. Iglesia La Profesa
Descripción Física:324 p. 17 cm.
Tema general:Ascética
Notas:Encuadernación en cartón con lomo en piel. Sello en tinta del Oratorio de San Felipe Neri de México. Biblioteca La Profesa, D.F. Daños de humedad
LEADER 00944nam a22001810004500
035 |a 1885 
041 0 |a fre 
100 1 |a Huby, Vincent  |d 1608-1693 
245 1 0 |a Oeuvres spirituelles du père Vincent Huby, de la Compagnie de Jésus, revues et corrigees par M. l'abbé 
260 |a Lyon  |b ancienne maison ; Paris  |b nouvelle maison  |b Perisse frères, imprimeurs-libraires de N. S. P. le Pape et de S. Ém. Mgr. le Cardinal-Archevêque de Lyon  |c 1854 
300 |a 324 p.  |c 17 cm. 
500 |a Encuadernación en cartón con lomo en piel. Sello en tinta del Oratorio de San Felipe Neri de México. Biblioteca La Profesa, D.F. Daños de humedad 
504 |a Índice de materias y catálogo de publicaciones en venta de la casa impresora 
650 1 0 |a Ascética 
949 |a Iglesia La Profesa, Biblioteca 3571 
942 |c PROFESA 
943 |g Biblioteca de la Congregación del Oratorio de San Felipe Neri de México. Iglesia La Profesa 
999 |c 948696  |d 948696